000 01004nam a2200289Ia 4500
005 20220317001237.0
008 160825s9999 xx 000 0 und d
020 _a8430572333
100 1 _aSánchez-Silva, José María
_d1911-2002
245 1 3 _aEl gran viaje de Marcelino Pan y Vino
_cJosé Ma. Sánchez Silva ; ilustraciones Goñi
250 _a1a. edición
300 _a123 páginas
_bilustraciones
_c18 cm
490 _aLas campanas
500 _aIncluye datos biográficos
586 _aPremio Hans Christian Andersen 1968
650 1 4 _2LEMB
_aNovela juvenil españoles
_ySiglo XX
650 1 4 _2LEMB
_aLiteratura juvenil española
_ySiglo XX
650 1 4 _2LEMB
_aÁngeles en la literatura
650 1 4 _2LEMB
_aViajes en la literatura
942 _2loc
_cBKLIT
264 _aMadrid
_bSusaeta
_c1991
336 _atexto
_btxt
_2rdacontent
337 _asin mediación
_bn
_2rdamedia
338 _avolumen
_bnc
_2rdacarrier
040 _aCO-BoRNBP
_bspa
_erda
_cCO-BoRNBP
084 _aN SAN4
999 _c6362
_d6362